UBT Library

Women who run with the wolves : (Record no. 41644)

000 -LEADER
fixed length control field 00938cam a2200253 a 4500
001 - CONTROL NUMBER
control field 3908339
005 - DATE AND TIME OF LATEST TRANSACTION
control field 20180202072316.0
008 - FIXED-LENGTH DATA ELEMENTS--GENERAL INFORMATION
fixed length control field 911121s1992 nyu b 001 0 eng
010 ## - LIBRARY OF CONGRESS CONTROL NUMBER
LC control number 91058630
020 ## - INTERNATIONAL STANDARD BOOK NUMBER
International Standard Book Number 0345377443 :
Terms of availability $20.00
040 ## - CATALOGING SOURCE
Original cataloging agency DLC
Transcribing agency DLC
Modifying agency DLC
041 ## - LANGUAGE CODE
Language code of text/sound track or separate title eng
080 ## - UNIVERSAL DECIMAL CLASSIFICATION NUMBER
Universal Decimal Classification number 398..082 PIN
082 00 - DEWEY DECIMAL CLASSIFICATION NUMBER
Classification number 398..082 PIN
Edition number 20
100 1# - Rafti
Rafti 50
101 ## - Shkurtesa
Shkurtesa SOC
245 10 - TITLE STATEMENT
Title Women who run with the wolves :
Statement of responsibility, etc Clarissa Pinkola Estés.
504 ## - BIBLIOGRAPHY, ETC. NOTE
Bibliography, etc "Education of a young wolf, a bibliography": p. 501-510.
504 ## - BIBLIOGRAPHY, ETC. NOTE
Bibliography, etc Includes bibliographical references (p. 471-500) and index.
740 0# - ADDED ENTRY--UNCONTROLLED RELATED/ANALYTICAL TITLE
Uncontrolled related/analytical title Myths and stories of the wild woman archetype.
906 ## - LOCAL DATA ELEMENT F, LDF (RLIN)
a 7
b cbc
c orignew
d 3
e ocip
f 19
g y-gencatlg
942 ## - ADDED ENTRY ELEMENTS (KOHA)
Source of classification or shelving scheme
Item type Books
Holdings
Withdrawn status Lost status Source of classification or shelving scheme Damaged status Not for loan Collection code Permanent location Current location Shelving location Date acquired Total Checkouts Full call number Barcode Date last seen Price effective from Koha item type
          Koleksioni i përgjithshem UBT - Lipjan UBT - Lipjan Koleksioni i përgjithshem 02/02/2018   398..082 PIN 002-2997512 02/02/2018 02/02/2018 Books
UBT Library © 2015-2024. All rights reserved University Education for Business and Technology